000 00796nam a2200289Ia 4500
003 OSt
005 20221006142647.0
006 a|||||r|||| 00| 0
007 ta
008 221006b |||||||| |||| 00| 0 eng d
020 _a0262510111
_c
_4.95
024 _a6,869
037 _cTextual
040 _aEASL
_cEASL
_beng
041 _2eng
_aeng
082 _aY:1:12.41, L3
100 _aANDERSSON J Gunnar
_9648099
245 0 _aChiildren of the yellow earth
_b Studies in prehistoric China
260 _aCambridge
_bMIT Press
_c1973
300 _axxi,450p.
_ccm.
490 _v CEL
650 _a China antiquities
_9648100
650 _a Excavations
_9648101
650 _aCEL
942 _hY:1:12.41, L3
_cTEXL
_2CC
999 _c1074955
_d1074955